| 000 | 00725nam a2200193 a 4500 | ||
|---|---|---|---|
| 003 | 0 | ||
| 005 | 20250213104329.0 | ||
| 008 | 130129s19uu xx 00 eng d | ||
| 050 |
_aPHS QL 666.C546.D54 _b.C957 2012 |
||
| 100 | _aCruz, Andrew J. | ||
| 245 |
_aDiets and carapace growth of juvenile red-eared slider turtles (Trachemys scripta elegans) / _cAndrew J. Cruz. |
||
| 260 |
_aLas PiƱas City, Philippines : _bSouthville International School and Colleges, _c2012. |
||
| 300 |
_a31 pages : _billustrations ; _c28 cm. |
||
| 504 | _aIncludes bibliographical references. | ||
| 650 |
_aTrachemys scripta elegans _xGrowth. |
||
| 650 |
_aTurtles _xNutrition. |
||
| 650 |
_aTurtles _xGrowth and development. |
||
| 942 |
_2lcc _cPASS |
||
| 999 |
_c98872 _d98872 |
||